| 000 | 00900nam a2200253Ia 4500 | ||
|---|---|---|---|
| 003 | OSt | ||
| 005 | 20220923211540.0 | ||
| 006 | a|||||r|||| 00| 0 | ||
| 007 | ta | ||
| 008 | Pun | ||
| 020 |
_a9789383338085 (hbk) _c170 |
||
| 024 | _a290,201 | ||
| 037 |
_b1017, 09/03/2016, H.K. Prakashan _cTextual |
||
| 040 |
_aARTS _cARTS _bPun |
||
| 041 |
_2Pun _aPun |
||
| 082 | _aY73(P153):351, 153Q4 | ||
| 100 | _aਗਿੱਲ, ਮਨਜੀਤ ਕੌਰ | ||
| 245 | 0 | _aਪੰਜਾਬ ਦੇ ਸੱਭਿਆਚਾਰ ਅਤੇ ਲੋਕਧਾਰਾ ਦਾ ਅਧਿਆਪਨ | |
| 260 |
_aਮੁਕਤਸਰ _b ਸਪਤਰਿFੀ ਪਬਲੀਕੇFਨਗ਼ _c2014 |
||
| 300 |
_a106ਪੰ _ccm. |
||
| 650 | _aਸਮਾਜ Fਾਸਤਰ | ||
| 942 |
_hY73(P153):351, 153Q4 _cTEXL _2CC |
||
| 999 |
_c300682 _d300682 |
||